Ψυχολογία ατομικών διαφορών

Αποθηκεύτηκε σε:
Λεπτομέρειες βιβλιογραφικής εγγραφής
Κύριος συγγραφέας: Παρασκευόπουλος, Θεόδωρος, γ. 1887
Μορφή: Βιβλίο
Γλώσσα:Greek
Δημοσίευση: Αθήναι : Τζάκας-Δελλαγραμμάτικας, 1939.
Θέματα:
Διαθέσιμο Online:http://hdl.handle.net/11610/16527
Ετικέτες: Προσθήκη ετικέτας
Δεν υπάρχουν, Καταχωρήστε ετικέτα πρώτοι!

MARC

LEADER 00000cam a2200000 i 4500
001 1/53583
008 040422s1939 gr || ||| ||gre||
035 |l 10073122 
040 |a GR-MY-UA  |b gre  |e aacr 
041 0 |a gre 
082 7 |a 155.22  
100 1 |a Παρασκευόπουλος, Θεόδωρος,   |d γ. 1887. 
245 1 0 |a Ψυχολογία ατομικών διαφορών /   |c Θ.Α. Παρασκευόπουλου.  
260 |a Αθήναι :   |b Τζάκας-Δελλαγραμμάτικας,   |c 1939.  
300 |a 261 σ.  |c 21 εκ.  
500 |a Υπάρχει ψηφιακό αντίγραφο.  
504 |a Βιβλιογραφία: σ. [263].  
504 |a Περιέχει παροράματα.  
650 0 0 |a Difference (Psychology) 
650 0 0 |a Individuality. 
650 0 0 |a Psychology. 
852 |a INST  |b RHODES  |c AKA  |e 20040422  |h  155.22 ΠΑΡ  |p 005400019236  |q 005400019236  |t BK  |y 23 
856 |u http://hdl.handle.net/11610/16527 
901 |a BIBL4-2004-1 
909 |a Ρ  |b 109287 
970 |a ΚΟΥΛΑΚΙΟΤΗ  |b ΛΙΤΣΑ  |z 2004-04-22